Antología humoristica

Gorde:
Xehetasun bibliografikoak
Egile nagusia: Prieto, Jenaro (Egilea)
Formatua: Liburua
Hizkuntza:gaztelania
Argitaratua: Santiago Nacional Gabriela Mistral 1973
Gaiak:
Etiketak: Etiketa erantsi
Etiketarik gabe, Izan zaitez lehena erregistro honi etiketa jartzen!

MARC

LEADER 00000nam a2200000 a 4500
001 UCY2534
003 CL-VaPUC
008 941102e19730000CL |||||||||||||||||spa|d
082 0 4 |a Ch867  |b PRI  |2 21 
100 0 |a Prieto, Jenaro  |e author  |9 330563 
245 1 0 |a Antología humoristica 
300 |a 193 p 
942 |c BK 
945 |d 19941102 00:00:00  |a mfernand 
260 |a Santiago  |b Nacional Gabriela Mistral  |c 1973 
650 0 |a Humorismo chileno  |9 318483 
650 7 |a SATIRA CHILENA  |2 CL-VaPUC  |9 330564 
583 |a last modification  |c 19941102 00:00:00  |k Rodrigo Vera 
999 |c 230911  |d 230909 
952 |0 0  |1 0  |4 0  |6 CH_867_000000000000000_PRI_1973  |7 0  |8 A  |9 233554  |a BIBEDU  |b BIBEDU  |d 2019-11-15  |i 3022889  |o Ch867 PRI 1973  |p 3022889  |r 2019-11-15  |w 2019-11-15  |y BK  |k LIT